000 01776nam a22002777a 4500
005 20081003095653.0
008 081003t xxu||||| |||| 00| j hin d
010 _aHIN-84261
020 _c250.00
_a808806906x
035 _aHN-56607
037 _bDBAD / PUB
040 _aDPL
_bHN
082 _a883.08
100 _aशेक्सपियर, विलियम
245 _aशेक्सपियर की अमर रचनाएँ /
_cविलियन शेक्सपियर; एस.पी. परमहंस द्वारा अनुदित एवं संपादित
246 _aWilliam Shekespear kii amara rachanaaen
_bby William Shekespear; translated and edited by S. P. Paramhans
260 _aदिल्ली
_bस्वराज्य मंदिर प्रकाशन
_c2007
270 _aब्लॉक सी-8, हाउस नं.174, यमुना विहार
_bदिल्ली
_e110033
300 _a224पृ
_c22सेमी (सजिल्द)
_bसचित्र
500 _aविश्व के महान नाटककार शेक्सपियर के नाटकों का कहानियों में सरल एवं रोचक रूपांतरण
650 _aअंग्रेजी कथा साहित्य
_xहिन्दी में अनुवाद
650 _aEnglish fiction
_xTranslations into Hindi
700 _aपरमहंस, एस.पी.
942 _2ddc
_cHN
_mशेक्सपि
_h883.08
999 _c16153
_d16153